000 00730pam a2200253 a 4500
001 13230
003 BDJhCC
005 20230730115556.0
008 230623s1983 caua 001 0 eng
020 _a0534029175
040 _aDLC
_cDLC
_dDLC
_dBDJhCC
050 0 0 _aQA154.2
_b.S844 1987
082 0 0 _a512.9044
_219
_bHOL 1983
100 1 _aHolder, Leonard I.
_d1942-
245 1 0 _aCollege algebra and trigonometry /
_cGetysburg I. Holder
250 _a3rd ed.
260 _aLondon :
_bWadsworth Publishing Company,
_c1983.
300 _axiii, 528, AN 44 p. :
_c25 cm.
500 _aIncludes index.
650 0 _aAlgebra.
650 0 _aTrigonometry.
906 _a7
_bcbc
_corignew
_d1
_eocip
_f19
_gy-gencatlg
942 _2ddc
_cREF
999 _c13230
_d13230